000 00774nam a2200265 i 4500
001 C2-0276683
003 PPAK
005 20180728005026.0
008 061204s2005 my a|||| ||||| | may d
020 _a9833324746
040 _aPPAK
_beng
_cPPAK
_erda
082 0 4 _a899.233
_223
090 0 0 _a899.233
_bRAJ
_dK
245 0 0 _aRaja rimba yang tamak
264 1 _aBatu Caves, Selangor :
_bEarly Learner Publications ,
_c2005
300 _a16 pages :
_bcolour illustrations ;
_c26 cm
336 _2rdacontent
_atext
337 _2rdamedia
_aunmediated
338 _2rdacarrier
_avolume
490 1 _aSiri cerita moral belantara
500 _ateks dalam tulisan jawi
650 1 0 _aChildrens stories - Malay.
830 0 _aSiri cerita moral belantara
942 _ddc
_cB
999 _c84093
_d84093